[Event "ch-FRA Blitz Online Qual"]
[Site "Europe-Chess INT"]
[Date "2020.05.16"]
[Round "4"]
[White "Lambach, Maxime"]
[Black "Ben Mohamed, Kader"]
[Result "1-0"]
[WhiteElo "1980"]
[BlackElo "1591"]
[WhiteFideId "36056880"]
[BlackFideId "45118523"]
[EventDate "2020.05.16"]

1. e4 d5 2. exd5 Nf6 3. Bb5+ Bd7 4. Be2 Bf5 5. Nc3 Nxd5 6. Nf3 e6 7. O-O Bd6 8.
Re1 Nxc3 9. bxc3 O-O 10. d4 Nd7 11. Bg5 f6 12. Bh4 Bg6 13. Bc4 Bf7 14. Bxe6 Bxe6
15. Rxe6 Re8 16. Qe2 Nf8 17. Rxe8 Qxe8 18. Re1 Qd7 19. Bg3 Bxg3 20. hxg3 Kf7 21.
Qc4+ Kg6 22. Nh4+ Kh6 23. Qd3 Ng6 24. Nf5+ Kg5 25. f4+ Kg4 26. Qf3+ Kxf5 27. g4# 1-0

[Event "ch-FRA Blitz Online Qual"]
[Site "Europe-Chess INT"]
[Date "2020.05.16"]
[Round "4"]
[White "Henry, Tony"]
[Black "Bonelli Maestracci, Pierre Joseph"]
[Result "1-0"]
[WhiteElo "1979"]
[BlackElo "1545"]
[WhiteFideId "622427"]
[BlackFideId "45172870"]
[EventDate "2020.05.16"]

1. e4 c5 2. Nf3 d6 3. Bb5+ Bd7 4. Bxd7+ Qxd7 5. O-O Nf6 6. Re1 Nc6 7. c3 g6 8.
d4 cxd4 9. cxd4 e5 10. Nc3 exd4 11. Nxd4 Bg7 12. Ndb5 O-O 13. Bg5 Rad8 14. Nd5
Qe6 15. Nbc7 Qe5 16. f4 Qxb2 17. Rb1 Qd4+ 18. Qxd4 Nxd4 19. Bxf6 Bxf6 20. Nxf6+
Kg7 21. Nfd5 b6 22. Red1 Ne6 23. Nxe6+ fxe6 24. Nc7 Kf6 25. Nb5 d5 26. exd5 exd5
27. Rd2 Rfe8 28. Rbd1 a6 29. Nc7 d4 30. Nxe8+ Rxe8 31. Rxd4 Kf5 32. Kf2 Rc8 33.
R1d2 b5 34. h3 Kf6 35. Rd6+ Kf5 36. g3 a5 37. Kf3 Rc3+ 38. Kf2 Ke4 39. Re6+ Kf5
40. Re5+ Kf6 41. Rxb5 1-0

[Event "ch-FRA Blitz Online Qual"]
[Site "Europe-Chess INT"]
[Date "2020.05.16"]
[Round "4"]
[White "Cassam-Chenai, Antoine"]
[Black "Le Pen, Steven"]
[Result "0-1"]
[WhiteElo "1839"]
[BlackElo "2141"]
[WhiteFideId "36087866"]
[BlackFideId "612197"]
[EventDate "2020.05.16"]

1. e4 c5 2. Nf3 d6 3. Bb5+ Nd7 4. d4 cxd4 5. Qxd4 a6 6. Bxd7+ Qxd7 7. O-O e5 8.
Qd3 Qc6 9. a4 Nf6 10. Nc3 Be6 11. Bg5 Bc4 12. Qe3 Bxf1 13. Rxf1 Be7 14. Bxf6
Bxf6 15. Nd5 O-O-O 16. b4 Kb8 17. b5 Qc5 18. Qb3 a5 19. Nd2 Rc8 20. c3 Bg5 21.
Nf3 Bh6 22. Rd1 g6 23. Nf6 Qc4 24. Nd7+ Ka7 25. b6+ Ka8 26. Rd5 Qa6 27. Rxd6
Rhd8 28. Nc5 Qe2 29. Rxd8 Rxd8 30. h3 Bf4 31. g3 Qxf3 32. gxf4 Rd1+ 33. Kh2
Qxf2# 0-1

[Event "ch-FRA Blitz Online Qual"]
[Site "Europe-Chess INT"]
[Date "2020.05.16"]
[Round "4"]
[White "Cuttoli, Alexandre"]
[Black "Fondrat, Johan"]
[Result "0-1"]
[WhiteElo "2044"]
[BlackElo "1509"]
[WhiteFideId "36007293"]
[BlackFideId "45156069"]
[EventDate "2020.05.16"]

1. d4 d5 2. Bf4 Bf5 3. e3 Nf6 4. Nf3 e6 5. c4 c6 6. Nc3 Nbd7 7. h3 Be7 8. cxd5
exd5 9. Nh4 Bg6 10. Nxg6 hxg6 11. Bd3 a5 12. O-O O-O 13. Rc1 Re8 14. Na4 Ne4 15.
f3 Nd6 16. Re1 Nf5 17. Qc2 Nd6 18. Rcd1 Bf8 19. Nc5 Nxc5 20. dxc5 Nc8 21. e4 Qe7
22. exd5 Qxc5+ 23. Qxc5 Bxc5+ 24. Kh2 Rxe1 25. Rxe1 cxd5 26. Re8+ Kh7 27. Be3
Bxe3 28. Rxe3 Nd6 29. Re5 Nc4 30. Rxd5 Nxb2 31. Be4 Ra7 32. Rb5 Nc4 33. Rxb7
Rxb7 34. Bxb7 Kh6 35. Kg3 g5 36. Bd5 Ne3 37. Bxf7 g6 38. f4 Nf5+ 39. Kf3 Nh4+
40. Kg4 Nxg2 41. fxg5+ Kg7 42. Bd5 Ne3+ 43. Kf4 Nxd5+ 44. Ke5 Nc3 45. Kd4 Nxa2
46. Kc4 Kf7 47. Kb5 Ke6 48. Kxa5 Kf5 49. Kb5 Kxg5 50. Kc4 Kh4 51. Kd3 Kxh3 52.
Ke2 Kg2 53. Ke3 g5 54. Ke4 g4 0-1

[Event "ch-FRA Blitz Online Qual"]
[Site "Europe-Chess INT"]
[Date "2020.05.16"]
[Round "4"]
[White "Breuil, Virgile"]
[Black "Perrin, Antoine"]
[Result "0-1"]
[WhiteElo "1622"]
[BlackElo "1967"]
[WhiteFideId "45163693"]
[BlackFideId "45127255"]
[EventDate "2020.05.16"]

1. e4 c5 2. c3 Nf6 3. e5 Nd5 4. d4 cxd4 5. cxd4 d6 6. exd6 Qxd6 7. Nf3 Nc6 8.
Be2 Bg4 9. Be3 e6 10. O-O Be7 11. h3 Bh5 12. Nc3 O-O 13. Nd2 Bxe2 14. Qxe2 Nf4
15. Bxf4 Qxf4 16. d5 Nd4 17. Qe3 Qxe3 18. fxe3 Nc2 19. Rac1 Nxe3 20. Rfe1 Bc5
21. Nb3 Bb6 22. Kh1 Nxd5 23. Nxd5 exd5 24. Re7 Rab8 25. a4 Rfe8 26. Rxe8+ Rxe8
27. a5 Be3 28. Re1 Re4 29. g3 Bf2 30. Rd1 Re1+ 31. Rxe1 Bxe1 32. Nc5 Bxa5 33.
Nxb7 Bb4 34. Nd8 d4 35. Nc6 d3 0-1

[Event "ch-FRA Blitz Online Qual"]
[Site "Europe-Chess INT"]
[Date "2020.05.16"]
[Round "4"]
[White "Monnot, Leo"]
[Black "De Monts, Louis"]
[Result "1-0"]
[WhiteElo "1964"]
[BlackElo "1630"]
[WhiteFideId "26093103"]
[BlackFideId "36088781"]
[EventDate "2020.05.16"]

1. e4 c5 2. Nf3 g6 3. d4 cxd4 4. Qxd4 Nf6 5. e5 Nc6 6. Qd1 Nxe5 7. Nc3 Nxf3+ 8.
Qxf3 Bg7 9. Bd3 O-O 10. h4 h5 11. Bg5 Qb6 12. O-O-O a5 13. Qf4 d5 14. f3 a4 15.
Nxa4 Qa7 16. Nc3 d4 17. Bxf6 exf6 18. Nd5 Qxa2 19. Nxf6+ Kh8 20. Qg5 Qa1+ 21.
Kd2 Qxb2 22. Nxh5 Qc3+ 23. Ke2 Re8+ 24. Kf2 Ra2 25. Nxg7 Kxg7 26. h5 Rxc2+ 27.
Bxc2 Qxc2+ 28. Kg3 Qf5 29. Qxf5 Bxf5 30. Rxd4 b5 31. hxg6 Bxg6 32. Rb4 Rb8 33.
Rc1 Bd3 34. Rg4+ Kf6 35. Rc5 b4 36. Rd4 Bf5 37. Rc6+ Be6 38. Rd2 b3 39. Rb2 Ke5
40. Rc1 Kd4 41. Kf2 Bc4 42. Rd2+ Kc5 43. Ke3 Kb4 44. Rd4 Rc8 45. Kd2 Ka3 46.
Rcxc4 Rxc4 47. Rxc4 b2 48. Kc2 Ka2 49. Ra4# 1-0

[Event "ch-FRA Blitz Online Qual"]
[Site "Europe-Chess INT"]
[Date "2020.05.16"]
[Round "4"]
[White "Dincov, Matei"]
[Black "Burgalat, Eliot"]
[Result "0-1"]
[WhiteElo "1714"]
[BlackElo "1963"]
[WhiteFideId "45118620"]
[BlackFideId "36068659"]
[EventDate "2020.05.16"]

1. d4 e6 2. c4 Nf6 3. Nc3 d5 4. Bg5 Be7 5. e3 O-O 6. Nf3 b6 7. cxd5 Nxd5 8. Nxd5
exd5 9. Bf4 Bb7 10. Bd3 c5 11. O-O Nc6 12. a3 Re8 13. Rc1 c4 14. Bb1 Rc8 15. Qc2
g6 16. Rfe1 Bf6 17. Rcd1 Bg7 18. h4 h5 19. e4 dxe4 20. Rxe4 Qd7 21. d5 Na5 22.
Rxe8+ Rxe8 23. Ba2 Rc8 24. Bd2 Qg4 25. Bxa5 bxa5 26. Qd2 a4 27. Qb4 Rb8 28. Qxa4
Bxb2 29. Qxa7 Qc8 30. d6 Ra8 31. d7 Rxa7 32. dxc8=Q+ Bxc8 33. Rd8+ Kg7 34. Rxc8
c3 35. Ne5 Rxa3 36. Bxf7 Ra5 37. Nc6 Rc5 0-1

[Event "ch-FRA Blitz Online Qual"]
[Site "Europe-Chess INT"]
[Date "2020.05.16"]
[Round "4"]
[White "Trevisiol, Antoine"]
[Black "Gretry, Patrice"]
[Result "0-1"]
[WhiteElo "1788"]
[BlackElo "2017"]
[WhiteFideId "45136530"]
[BlackFideId "624675"]
[EventDate "2020.05.16"]

1. d4 d5 2. c4 c6 3. Nf3 Nf6 4. Nc3 dxc4 5. e4 b5 6. a3 Bb7 7. Bg5 h6 8. Bf4
Nbd7 9. g3 e6 10. Bg2 Be7 11. O-O O-O 12. Re1 Re8 13. a4 a6 14. Qc2 Rc8 15. Rad1
Qa5 16. Ne5 c5 17. axb5 axb5 18. Nxd7 Nxd7 19. dxc5 Nxc5 20. Bd2 Qb6 21. Be3 Bc6
22. Rd2 Qb7 23. Bxc5 Bxc5 24. Red1 Qb6 25. Kf1 Rcd8 26. Rxd8 Rxd8 27. Rxd8+ Qxd8
28. e5 Bxg2+ 29. Kxg2 b4 30. Ne2 Qd5+ 31. Kf1 b3 32. Qc3 Qh1+ 33. Ng1 Qxh2 34.
Qf3 g6 35. Ne2 Qh3+ 36. Ke1 Qf5 37. Qxf5 gxf5 38. f4 Kf8 39. Kd2 Bb4+ 40. Ke3
Bc5+ 41. Kd2 Bb4+ 42. Kc1 Ke7 43. Kd1 Kd7 44. Ng1 Kc6 45. Nf3 Kd5 46. Ke2 Ke4
47. Nh2 c3 48. bxc3 b2 49. c4 b1=Q 50. Nf1 Qe1# 0-1

[Event "ch-FRA Blitz Online Qual"]
[Site "Europe-Chess INT"]
[Date "2020.05.16"]
[Round "4"]
[White "Cadieu, Corentin"]
[Black "Courbi, Stephane"]
[Result "1-0"]
[WhiteElo "1524"]
[BlackElo "1955"]
[WhiteFideId "26023180"]
[BlackFideId "647462"]
[EventDate "2020.05.16"]

1. d4 Nf6 2. Bf4 d5 3. Nf3 Bf5 4. e3 e6 5. Bd3 Bxd3 6. Qxd3 Bd6 7. Bg3 O-O 8.
Nbd2 c5 9. c3 Nc6 10. Rc1 Rc8 11. Bxd6 Qxd6 12. O-O e5 13. dxe5 Nxe5 14. Nxe5
Qxe5 15. Nf3 Qh5 16. h3 Rfd8 17. Rfd1 a6 18. Rc2 Rc6 19. e4 Rcc8 20. Rcd2 h6 21.
e5 Ne4 22. Re2 Ng5 23. Nxg5 Qxg5 24. Qe3 Qxe3 25. Rxe3 d4 26. Red3 Re8 27. f4
dxc3 28. Rxc3 Re7 29. Rdc1 Rec7 30. a4 b5 31. axb5 axb5 32. b3 h5 33. Kf2 Kf8
34. Kf3 Ke7 35. g4 hxg4+ 36. hxg4 g6 37. Ke4 Rc6 38. f5 gxf5+ 39. gxf5 Kd7 40.
Kd5 c4 41. bxc4 Rc5+ 42. Kd4 bxc4 43. Rxc4 Rxc4+ 44. Rxc4 Rh8 45. Kd5 Rh1 46.
e6+ fxe6+ 47. fxe6+ Ke7 48. Rc7+ Kf6 49. Rf7+ Kg6 50. Kd6 Rd1+ 51. Ke7 Ra1 52.
Rf6+ Kg7 53. Rf2 Ra7+ 54. Ke8 Ra8+ 55. Kd7 Ra7+ 56. Kc8 Ra8+ 57. Kb7 Ra6 58. Re2
Kf6 59. e7 Ra7+ 60. Kxa7 1-0

[Event "ch-FRA Blitz Online Qual"]
[Site "Europe-Chess INT"]
[Date "2020.05.16"]
[Round "4"]
[White "Labelle, Ambroise"]
[Black "Moindjie, Nassuf"]
[Result "1-0"]
[WhiteElo "1952"]
[BlackElo "1471"]
[WhiteFideId "26092050"]
[BlackFideId "551098237"]
[EventDate "2020.05.16"]

1. e4 c5 2. Nf3 Nc6 3. Bb5 g6 4. O-O Bg7 5. c3 e6 6. d4 cxd4 7. cxd4 Nge7 8. Nc3
O-O 9. Bg5 Qb6 10. Be3 Qd8 11. Re1 a6 12. Bf1 b5 13. a3 Bb7 14. Qd2 Re8 15. Bg5
f6 16. Bh6 g5 17. Bxg7 Kxg7 18. b4 Ng6 19. h3 h5 20. g3 g4 21. Nh2 Qb6 22. Rad1
e5 23. Nd5 Qd8 24. hxg4 Nxd4 25. gxh5 Ne7 26. Bg2 Rh8 27. Ng4 Rxh5 28. Ndxf6 1-0

[Event "ch-FRA Blitz Online Qual"]
[Site "Europe-Chess INT"]
[Date "2020.05.16"]
[Round "4"]
[White "Spano, Remy"]
[Black "Joly, Julien"]
[Result "0-1"]
[WhiteElo "1662"]
[BlackElo "2188"]
[WhiteFideId "26092948"]
[BlackFideId "26082284"]
[EventDate "2020.05.16"]

1. e4 g6 2. Bc4 Bg7 3. Nf3 c6 4. d4 d5 5. exd5 cxd5 6. Bd3 Nc6 7. c3 Nf6 8. O-O
O-O 9. Bg5 Qb6 10. Qc2 Be6 11. Nbd2 Rac8 12. Nb3 Nb4 13. Qd2 Nxd3 14. Qxd3 Bf5
15. Qd2 Ne4 16. Qc1 Rfe8 17. Bh6 Bh8 18. Nfd2 Nf6 19. Nf3 Be4 20. Ng5 Bd3 21.
Re1 Ne4 22. Nxe4 Bxe4 23. Nc5 Bf5 24. Nb3 Qc6 25. Qe3 b6 26. Bg5 Qd7 27. Qg3 Bg7
28. Re2 h6 29. Bd2 a5 30. Rae1 a4 31. Nc1 b5 32. Nd3 Bxd3 33. Qxd3 e6 34. Bf4
Rc4 35. Qh3 Kh7 36. Bd2 Rb8 37. Bf4 Rb7 38. Be5 b4 39. Bxg7 Kxg7 40. Rc2 Rbc7
41. Rec1 Qb5 42. Qd3 a3 43. Qd2 axb2 44. Rxb2 bxc3 45. Rxb5 cxd2 46. Rd1 Rc1 47.
Rb1 Rxb1 48. Rxb1 Rc1+ 49. Rxc1 dxc1=Q# 0-1

[Event "ch-FRA Blitz Online Qual"]
[Site "Europe-Chess INT"]
[Date "2020.05.16"]
[Round "4"]
[White "Haberthur, Maxime"]
[Black "Morais, Thomas"]
[Result "1-0"]
[WhiteElo "1941"]
[BlackElo "1710"]
[WhiteFideId "36097551"]
[BlackFideId "36034703"]
[EventDate "2020.05.16"]

1. e4 c5 2. Nc3 e6 3. g3 a6 4. Bg2 b5 5. Nge2 Bb7 6. d4 cxd4 7. Nxd4 Nf6 8. O-O
d6 9. Re1 Qc7 10. a4 b4 11. Nd5 Bxd5 12. exd5 e5 13. Bg5 Nbd7 14. Nc6 Nb8 15.
Nxb4 Be7 16. c3 O-O 17. Be3 a5 18. Nc2 Nbd7 19. Na3 Nc5 20. Nb5 Qc8 21. Qe2 Rb8
22. Rad1 Nce4 23. Ba7 Rxb5 24. axb5 Qb7 25. Bxe4 Nxe4 26. Qxe4 Qxa7 27. c4 Rc8
28. Qe3 Qxe3 29. Rxe3 Bd8 30. b3 Bb6 31. Re2 Bc5 32. Kg2 f5 33. h4 Kf7 34. Ra2
Bb4 35. f3 g6 36. g4 f4 37. g5 Ke7 38. Kf2 Kd7 39. Ke2 Kc7 40. Kd3 Kb6 41. Rh1
Rc7 42. h5 gxh5 43. Rxh5 Kc5 44. Rah2 Rg7 45. Ke4 Bc3 46. Kf5 Kb4 47. Rxh7 Rxh7
48. Rxh7 Kxb3 49. b6 1-0

[Event "ch-FRA Blitz Online Qual"]
[Site "Europe-Chess INT"]
[Date "2020.05.16"]
[Round "4"]
[White "Lamaze, Simon"]
[Black "Ernst, Luca"]
[Result "1-0"]
[WhiteTitle "CM"]
[WhiteElo "2185"]
[BlackElo "1660"]
[WhiteFideId "36069264"]
[BlackFideId "45117055"]
[EventDate "2020.05.16"]

1. d4 Nf6 2. Nf3 g6 3. g3 Bg7 4. Bg2 d5 5. O-O O-O 6. c4 e6 7. Ne5 Nbd7 8. Nc3
Nxe5 9. dxe5 Ng4 10. cxd5 exd5 11. Nxd5 Nxe5 12. e4 c6 13. Nc3 Qxd1 14. Rxd1 Bg4
15. Rf1 Rad8 16. Bg5 Rd7 17. f3 Be6 18. f4 Ng4 19. f5 gxf5 20. exf5 Bd4+ 21. Kh1
Bc4 22. Ne4 Bxf1 23. Rxf1 f6 24. Bc1 Ne3 25. Re1 Nxg2 26. Kxg2 Re7 27. Kf3 Rfe8
28. b3 Kf7 29. Nd6+ Kf8 30. Bh6+ Kg8 31. Ne4 Be5 32. Be3 b6 33. Bf2 c5 34. h4
Kg7 35. g4 h6 36. Be3 Bd4 37. Bf4 Be5 38. Bc1 b5 39. g5 hxg5 40. hxg5 a5 41.
gxf6+ Bxf6 42. Rg1+ Kf7 43. Nd6+ Kf8 44. Bh6+ Bg7 45. Bxg7+ Rxg7 46. Rxg7 Kxg7
47. Nxe8+ Kf7 48. Nd6+ Kf6 49. Nxb5 Kxf5 50. Na3 Ke5 51. Nc4+ Kd4 52. Nxa5 Kc3
53. Nb7 Kb2 54. Nxc5 Kxa2 55. Ke4 Ka3 56. Kd5 Kb4 57. Kc6 Ka5 58. Kd5 Kb4 59.
Kd4 Ka5 60. Kc4 Kb6 61. b4 Kc6 62. b5+ Kb6 63. Kb4 Kc7 64. Na4 Kb7 65. Ka5 Ka7
66. b6+ Kb7 67. Kb5 Ka8 68. Nc5 Kb8 69. Kc6 Kc8 70. b7+ Kb8 71. Na6+ Ka7 72.
b8=Q+ Kxa6 73. Qb6# 1-0

[Event "ch-FRA Blitz Online Qual"]
[Site "Europe-Chess INT"]
[Date "2020.05.16"]
[Round "4"]
[White "Partac, Elena"]
[Black "Laignel, Quentin"]
[Result "0-1"]
[WhiteTitle "WGM"]
[WhiteElo "2079"]
[BlackElo "1420"]
[WhiteFideId "13901001"]
[BlackFideId "45169128"]
[EventDate "2020.05.16"]

1. e4 d5 2. exd5 Qxd5 3. Nc3 Qd8 4. d4 Nf6 5. Nf3 Bg4 6. Be2 c6 7. Be3 e6 8. h3
Bh5 9. Qd2 Nbd7 10. O-O Bb4 11. Qd3 Bg6 12. Qd1 O-O 13. Nb1 Nd5 14. c3 Be7 15.
Bd2 Qb6 16. b3 Bf6 17. Na3 Qc7 18. Nc4 N7b6 19. Nce5 Bxe5 20. Nxe5 Nd7 21. Nxg6
hxg6 22. Bf3 Ne7 23. Bg5 Nf5 24. Qd2 Nf6 25. Rad1 Rad8 26. Bf4 Qb6 27. Be5 Nd7
28. Bf4 Nf6 29. Bg5 Rd7 30. Rfe1 Nh7 31. Bf4 Nf6 32. Be5 Nh7 33. Be4 Ne7 34. Qe3
Nf5 35. Bxf5 exf5 36. Qg3 Qd8 37. Bf4 Re8 38. Be5 Rde7 39. Rf1 Nf8 40. Rd2 f6
41. Bf4 Re6 42. Rdd1 g5 43. Bc1 Qd6 44. Qxd6 Rxd6 45. Rde1 Rde6 46. Rxe6 Rxe6
47. Rd1 Rd6 48. Kf1 Ne6 49. Ke2 Kf7 50. Kf3 g6 51. Re1 Rd7 52. g3 Re7 0-1

[Event "ch-FRA Blitz Online Qual"]
[Site "Europe-Chess INT"]
[Date "2020.05.16"]
[Round "4"]
[White "Mendoza, Mael"]
[Black "Lavanant, Alexandre"]
[Result "1-0"]
[WhiteElo "1451"]
[BlackElo "1937"]
[WhiteFideId "551036533"]
[BlackFideId "654949"]
[EventDate "2020.05.16"]

1. e4 d5 2. exd5 Nf6 3. d4 Bg4 4. Be2 Bxe2 5. Nxe2 Qxd5 6. O-O Nc6 7. Nbc3 Qf5
8. Ng3 Qg6 9. Nce2 O-O-O 10. c3 h5 11. Nf4 Qg4 12. Qxg4+ hxg4 13. Be3 e5 14.
dxe5 Nxe5 15. Rad1 Bd6 16. Nf5 g6 17. Nxd6+ cxd6 18. Bxa7 Kc7 19. Bd4 Rde8 20.
Rfe1 Nfd7 21. Nd5+ Kc6 22. Nb4+ Kc7 23. Bxe5 Nxe5 24. Nd5+ Kc6 25. Nf6 Re6 26.
Ne4 f5 27. Ng3 f4 28. Ne4 g5 29. Nxg5 Reh6 30. h3 gxh3 31. Nxh3 f3 32. Re3 Rg8
33. Nf4 fxg2 34. Nxg2 Rgh8 35. Kf1 Rg8 36. Nf4 Rh2 37. Nd3 Rf8 38. Nxe5+ dxe5
39. Rd2 Rf5 40. Ke2 Kc5 41. Kd3 Rfxf2 42. Rxe5+ 1-0

[Event "ch-FRA Blitz Online Qual"]
[Site "Europe-Chess INT"]
[Date "2020.05.16"]
[Round "4"]
[White "Roussel, Matthieu"]
[Black "Khachatryan, Samvel S."]
[Result "0-1"]
[WhiteElo "1577"]
[BlackElo "2179"]
[WhiteFideId "36070009"]
[BlackFideId "13309048"]
[EventDate "2020.05.16"]

1. e4 d5 2. exd5 Nf6 3. d4 Bg4 4. Bb5+ Nbd7 5. f3 Bf5 6. c4 a6 7. Ba4 b5 8. cxb5
Nxd5 9. bxa6 e6 10. Bc6 Rxa6 11. Bxd5 exd5 12. Nc3 Bb4 13. Ne2 O-O 14. O-O Nb6
15. Ng3 Bg6 16. f4 Bxc3 17. bxc3 Be4 18. Qe2 Qa8 19. f5 f6 20. Qg4 Qe8 21. Bh6
Rf7 22. Nh5 Qe7 23. Ng3 Nc4 24. Rfe1 Nd6 25. Bf4 Ra3 26. Bxd6 Qxd6 27. Nxe4 dxe4
28. Qxe4 Rxc3 29. Qe8+ Qf8 30. Qe4 c5 31. dxc5 Rxc5 32. Rad1 Rcc7 33. Rd5 h6 34.
Red1 Rfe7 35. Qd4 Qf7 36. Rd8+ Kh7 37. Qf2 Qc4 38. Qg3 Qc5+ 39. Kh1 Qxf5 40.
R8d5 Qxd5 41. Rd4 Rc1+ 0-1

[Event "ch-FRA Blitz Online Qual"]
[Site "Europe-Chess INT"]
[Date "2020.05.16"]
[Round "4"]
[White "Mareau, Timothe"]
[Black "Cleran, Anthony"]
[Result "0-1"]
[WhiteElo "1642"]
[BlackElo "1933"]
[WhiteFideId "45148864"]
[BlackFideId "626066"]
[EventDate "2020.05.16"]

1. e4 c5 2. c3 Nf6 3. e5 Nd5 4. d4 cxd4 5. cxd4 Nc6 6. Nc3 e6 7. Nf3 Bb4 8. Bd2
Qb6 9. a3 Nxc3 10. Bxc3 Bxc3+ 11. bxc3 Qb2 12. Qc1 Qxc1+ 13. Rxc1 Ke7 14. Bd3 b6
15. O-O Bb7 16. Nd2 Na5 17. Ne4 Rac8 18. Nd6 Rc7 19. c4 Nb3 20. Rcd1 Nxd4 21.
Nxb7 Rxb7 22. Be4 Nc6 23. Rd6 Rc7 24. Bxc6 Rxc6 25. Rfd1 Rd8 26. R1d4 Rxd6 27.
exd6+ Kf8 28. f4 Rc8 29. Kf2 Rc5 30. Ke3 Ra5 31. Rd3 Ra4 32. Rc3 Ra5 33. g4 f5
34. g5 Kf7 35. Kd4 Kg6 36. Rh3 Rc5 37. Kd3 Rc6 38. Kd4 Rxd6+ 39. Ke5 Rd2 40. Rf3
Kf7 41. h4 d6# 0-1

[Event "ch-FRA Blitz Online Qual"]
[Site "Europe-Chess INT"]
[Date "2020.05.16"]
[Round "4"]
[White "Flores, Christophe"]
[Black "Gherghinoiu, Lucas"]
[Result "0-1"]
[WhiteElo "1332"]
[BlackElo "2089"]
[WhiteFideId "45163758"]
[BlackFideId "36051462"]
[EventDate "2020.05.16"]

1. e4 c5 2. Nc3 a6 3. g3 b5 4. Bg2 Bb7 5. d3 e6 6. f4 d5 7. Nf3 b4 8. Ne2 dxe4
9. dxe4 Qxd1+ 10. Kxd1 Bxe4 11. Re1 Nf6 12. h3 h5 13. c3 Be7 14. Be3 O-O 15. Rc1
Rd8+ 16. Bd2 Nc6 17. Neg1 Bd5 18. Re2 Rd7 19. Ne5 Nxe5 20. fxe5 Bxg2 21. exf6
Bf1 22. Rf2 Bxf6 23. Rxf1 Rad8 24. Rf2 bxc3 25. bxc3 Bg5 26. Nf3 Bf6 27. Rc2 e5
28. Kc1 e4 29. Ne1 e3 30. Bxe3 Rd1+ 31. Kb2 Rb8+ 32. Ka3 Rxe1 33. Bxc5 Re5 34.
Bb4 Be7 35. Bxe7 Ra5# 0-1

[Event "ch-FRA Blitz Online Qual"]
[Site "Europe-Chess INT"]
[Date "2020.05.16"]
[Round "4"]
[White "Oumer, Walid"]
[Black "Briand, Amaury"]
[Result "1/2-1/2"]
[WhiteElo "1365"]
[BlackElo "1929"]
[WhiteFideId "551016630"]
[BlackFideId "36054968"]
[EventDate "2020.05.16"]

1. e4 e5 2. Nf3 Nc6 3. Bc4 Nf6 4. d3 Be7 5. O-O O-O 6. c3 d5 7. exd5 Nxd5 8.
Bxd5 Qxd5 9. Nbd2 Qxd3 10. Re1 Bg4 11. Qb3 Bxf3 12. Nxf3 e4 13. Re3 Qd7 14. Rxe4
Bf6 15. Bf4 Rfe8 16. Rxe8+ Rxe8 17. Rd1 Qg4 18. Bxc7 h6 19. h3 Qc8 20. Bh2 Ne5
21. Nxe5 Bxe5 22. Bxe5 Rxe5 23. a4 Re2 24. g4 Qc5 25. Rf1 Qc6 26. Qb5 Qxb5 27.
axb5 Rxb2 28. c4 Rc2 29. Ra1 Rxc4 30. Rxa7 Rc7 31. Kg2 Kf8 32. b6 Rd7 33. Ra8+
Ke7 34. Rc8 Ke6 35. Kf3 Rd6 36. Rc7 Rxb6 37. h4 Rb4 38. h5 b5 39. Rb7 g6 40.
hxg6 fxg6 41. Rb6+ Kf7 42. Kg3 Kg7 43. Rb7+ Kf6 44. Rb6+ Kf7 45. Rb7+ Ke8 46.
Rh7 Rc4 47. Rxh6 Rc6 48. Rh8+ Kf7 49. Rb8 Rc5 50. f4 Kg7 51. g5 Rd5 52. Kg4 Kf7
53. Kg3 Ke7 54. Rb7+ Ke6 55. Rb6+ Kf7 56. Rb7+ Ke6 57. Rb6+ Kf7 58. Rb7+ Ke6 1/2-1/2

[Event "ch-FRA Blitz Online Qual"]
[Site "Europe-Chess INT"]
[Date "2020.05.16"]
[Round "4"]
[White "Baudouin, Simon"]
[Black "Ciarletta, Iris"]
[Result "0-1"]
[WhiteElo "1926"]
[BlackElo "1493"]
[WhiteFideId "36051284"]
[BlackFideId "45133263"]
[EventDate "2020.05.16"]

1. c4 c5 2. g3 g6 3. Bg2 Bg7 4. Nc3 Nc6 5. Nf3 Nf6 6. O-O O-O 7. d4 cxd4 8. Nxd4
Nxd4 9. Qxd4 d6 10. Qd3 Bf5 11. e4 Bc8 12. Be3 Ng4 13. Bd4 Ne5 14. Qe2 Be6 15.
Nd5 Bxd5 16. exd5 a6 17. Rad1 Rc8 18. b3 h5 19. f4 Ng4 20. Bxg7 Kxg7 21. h3 Nf6
22. Rfe1 Re8 23. Rd3 Ng8 24. Rf3 f6 25. f5 g5 26. Re3 Nh6 27. Qxh5 Nxf5 28. Be4
Rh8 29. Qg4 Nxe3 30. Rxe3 Rb8 31. h4 Qb6 32. Kf2 Qa5 33. hxg5 Qd2+ 34. Kf3 Qd1+
35. Re2 f5 36. Bxf5 Rbf8 37. Qe4 Rxf5+ 38. Qxf5 Rf8 39. Qxf8+ Kxf8 40. Ke3 Qg1+
41. Kf4 Qd4+ 42. Re4 Qg7 43. Re6 Kf7 44. g6+ Kf8 45. g4 b5 46. cxb5 axb5 47. Kg5
b4 48. Re4 Qf6+ 49. Kh6 Qh4# 0-1

[Event "ch-FRA Blitz Online Qual"]
[Site "Europe-Chess INT"]
[Date "2020.05.16"]
[Round "4"]
[White "Sesia, Noah"]
[Black "Batout, Ethan"]
[Result "1-0"]
[WhiteElo "1822"]
[BlackElo "1267"]
[WhiteFideId "26066904"]
[BlackFideId "551081806"]
[EventDate "2020.05.16"]

1. d4 Nf6 2. Bf4 g6 3. Nc3 Bg7 4. Qd2 h6 5. O-O-O g5 6. Bg3 O-O 7. h4 Nh7 8.
hxg5 Nxg5 9. Nf3 f6 10. e4 d6 11. Bc4+ e6 12. Nh4 a6 13. Nf5 d5 14. exd5 exf5
15. d6+ Be6 16. dxc7 Qxc7 17. Bxc7 Bxc4 18. d5 1-0

[Event "ch-FRA Blitz Online Qual"]
[Site "Europe-Chess INT"]
[Date "2020.05.16"]
[Round "4"]
[White "Leonardy, Batiste"]
[Black "Robert, Yoann"]
[Result "0-1"]
[WhiteElo "1177"]
[BlackElo "2071"]
[WhiteFideId "36062880"]
[BlackFideId "36018805"]
[EventDate "2020.05.16"]

1. e4 c5 2. Nf3 Nf6 3. Nc3 Nc6 4. d4 cxd4 5. Nxd4 e5 6. Ndb5 h6 7. Nd6+ Bxd6 8.
Qxd6 Qe7 9. Qd1 d6 10. Be2 O-O 11. O-O Be6 12. b3 a6 13. Ba3 Rfd8 14. Bf3 b5 15.
Nd5 Bxd5 16. exd5 Nd4 17. Re1 Rac8 18. Rc1 Rc3 19. Re3 Rdc8 20. Bb2 Rxe3 21.
fxe3 Nxf3+ 22. Qxf3 Qa7 23. Kh1 b4 24. e4 a5 25. c3 Qb6 26. c4 a4 27. Rg1 axb3
28. axb3 Ra8 29. g4 Nh7 30. h4 Ra2 31. Bc1 Qf2 32. Qxf2 Rxf2 33. g5 hxg5 34.
hxg5 Rf3 35. g6 fxg6 36. Rxg6 Rxb3 37. Rxd6 Rb1 38. Rd8+ Kf7 39. d6 Rxc1+ 40.
Kg2 Rd1 41. c5 Nf6 42. Rb8 Rc1 43. Rb7+ Ke6 44. c6 Rxc6 45. Rxb4 Kxd6 46. Kf3
Rc3+ 47. Ke2 Kc5 48. Ra4 Rc4 49. Ra7 Rxe4+ 50. Kf3 Rf4+ 51. Kg3 g5 52. Rg7 Nh5+
53. Kh3 Nxg7 0-1

[Event "ch-FRA Blitz Online Qual"]
[Site "Europe-Chess INT"]
[Date "2020.05.16"]
[Round "4"]
[White "Lequang, Enzo"]
[Black "Neau, Julien"]
[Result "0-1"]
[WhiteElo "1068"]
[BlackElo "1916"]
[WhiteFideId "551052911"]
[BlackFideId "631388"]
[EventDate "2020.05.16"]

1. e4 d6 2. d4 Nf6 3. Nc3 g6 4. Nf3 Bg7 5. Bd3 O-O 6. Be3 Nc6 7. Qd2 Ng4 8. Bf4
Nxd4 9. Nxd4 Bxd4 10. Be3 Nxe3 11. fxe3 Be5 12. O-O-O c6 13. h4 Bg4 14. Rdf1 b5
15. a3 Qa5 16. Rfg1 b4 17. Na2 c5 18. Kb1 Rab8 19. g3 Be6 20. Nc1 Qa4 21. axb4
Rxb4 22. c3 Rb7 23. h5 Rfb8 24. Rg2 Rxb2+ 25. Qxb2 Rxb2+ 26. Rxb2 Bxc3 27. Ra2
Qb4+ 28. Kc2 Bxa2 29. Nxa2 Qb2+ 30. Kd1 Qd2# 0-1